Východiská podnikateľských modelov pre cirkulárnu ekonomiku
Súčasné ciele a koncepcie cirkulárnej ekonomiky. Formovanie a ovplyvňovanie nových stratégií cirkulárnej ekonomiky a ich implementácia. Manažérske ovplyvňovanie a zabezpečenie transpozície cieľov cirkulárnej ekonomiky do cirkulárnych podnikateľských modelov na úrovni firiem. Štúdium a analýza litera...
Gespeichert in:
| 1. Verfasser: | |
|---|---|
| Format: | Buchkapitel |
| Sprache: | Slowakisch |
| Schlagworte: | |
| Tags: |
Keine Tags, Fügen Sie das erste Tag hinzu!
|
MARC
| LEADER | 00000naa$a2200000$$$4500 | ||
|---|---|---|---|
| 001 | 0271619 | ||
| 005 | 20240502074300.9 | ||
| 041 | 0 | |a slo | |
| 044 | |a SK | ||
| 245 | 1 | 0 | |a Východiská podnikateľských modelov pre cirkulárnu ekonomiku |c Milan Oreský |
| 520 | |a Súčasné ciele a koncepcie cirkulárnej ekonomiky. Formovanie a ovplyvňovanie nových stratégií cirkulárnej ekonomiky a ich implementácia. Manažérske ovplyvňovanie a zabezpečenie transpozície cieľov cirkulárnej ekonomiky do cirkulárnych podnikateľských modelov na úrovni firiem. Štúdium a analýza literatúry v globálnom rozsahu so širokým spektrom odborných a vedeckých názorov na tému cirkulárnej ekonomiky ako relatívne novou oblasťou vedeckého a odborného skúmania. Teoretické východiská pre prípravu a realizáciu prípadových štúdií či syntetizáciu a prezentáciu výstupov. | ||
| 610 | 2 | 0 | |a hospodárstvo obehové |
| 610 | 2 | 0 | |a modely podnikateľské |
| 610 | 2 | 0 | |a rozvoj trvalo udržateľný |
| 610 | 2 | 0 | |a riadenie reťazcov dodávateľských |
| 610 | 2 | 0 | |a ekonomika environmentálna |
| 610 | 2 | 0 | |a manažment environmentálny |
| 610 | 2 | 0 | |a stratégia podniková |
| 100 | 1 | |a Oreský, Milan, 1956- | |